The alteration of the coyn, with a feasible method to do it : most humbly proposed to both houses of Parliament, to which is annexed a projection, or scheem of reasonable terms, for establishing a firm and general peace in Europe /

Bibliographic Details
Main Author: Houghton, Thomas, Gent
Corporate Author: England and Wales. Parliament
Format: eBook
Language:English
Series:Making of the modern world (Goldsmiths'-Kress Library of Economic Literature)
Subjects:
Online Access:Connect to the full text of this electronic book

MARC

Tag First Indicator Second Indicator Subfields
LEADER 00000cam a2200000Ia 4500
001 in00002294213
005 20190326194732.0
006 m | d |
007 cr |n||||||||n
008 870706s1695 enk s 000 0 eng d
010 |a nuc87545814  
040 |a ResP  |c GKS  |d RQM  |d OCL  |d Thomson Gale  |d UtOrBLW 
043 |a e-uk---  |a e------ 
100 1 |a Houghton, Thomas,  |c Gent. 
245 1 4 |a The alteration of the coyn, with a feasible method to do it :  |b most humbly proposed to both houses of Parliament, to which is annexed a projection, or scheem of reasonable terms, for establishing a firm and general peace in Europe /  |c by Thomas Houghton ... 
264 3 |a London :  |b Printed for the author,  |c 1695. 
300 |a 50 pages, 2 unnumbered pages, 31 pages ;  |c quarto. 
336 |a text  |b txt  |2 rdacontent 
337 |a computer  |b c  |2 rdamedia 
338 |a online resource  |b cr  |2 rdacarrier 
500 |a The second part, entitled (with a special title page) "Europe's glory, or, Peace and plenty to the people thereof ..." was also issued separately. 
500 |a Reproduction of original from Goldsmiths' Library, University of London. 
500 |a Goldsmiths'-Kress number 03119. 
510 4 |a Wing  |c H2923 
510 4 |a OCLC,  |c 20886698 
533 |a Electronic reproduction.  |b Farmington Hills, Mich. :  |c Thomson Gale,  |d 2005.  |f (The making of the modern world).  |n Available via the World Wide Web.  |n Access limited to licensing agreements.  |7 s2005 miunns 
500 |a Electronic resource. 
650 0 |a Coinage  |z Great Britain  |v Early works to 1800. 
650 0 |a Money  |v Early works to 1800. 
650 0 |a Money  |z Great Britain  |v Early works to 1800. 
651 0 |a Europe  |x Politics and government  |y 1648-1715. 
655 0 |a Electronic books. 
700 1 |a Houghton, Thomas,  |c Gent.  |t Europe's glory. 
710 1 |a England and Wales.  |b Parliament. 
830 0 |a Making of the modern world (Goldsmiths'-Kress Library of Economic Literature) 
856 4 0 |u http://proxy.library.tamu.edu/login?url=http://galenet.galegroup.com/servlet/MOME?af=RN&ae=U107096556&srchtp=a&ste=14&locID=txshracd2898  |z Connect to the full text of this electronic book  |t 0 
999 |a MARS 
999 f f |s 75065e35-d7b7-3236-95b5-da4bca7fa614  |i 017c4e8a-5d29-3f44-b53c-419fa5ce0916  |t 0 
952 f f |a Texas A&M University  |b College Station  |c Electronic Resources  |d Available Online  |t 0  |h No information provided 
998 f f |t 0  |l Available Online